Our stagflation malaise : ending inflation and unemployment /

Bibliographic Details
Main Author: Weintraub, Sidney, 1914-1983
Format: Book
Language:English
Published: Westport, Conn. : Quorum Books, 1981.
Subjects:

MARC

Tag First Indicator Second Indicator Subfields
LEADER 00000pam a2200000 a 4500
001 in00000075162
005 20151008060338.0
008 801124s1981 ctua b 00110 engm
010 |a  80039658  
020 |a 0899300057 
035 |a (OCoLC)07169905 
035 |9 AAJ5565AM 
040 |a DLC  |c DLC  |d m.c.  |d TXA  |d UtOrBLW 
043 |a n-us--- 
049 |a TXAM  |c [1196457] 
050 0 0 |a HG540  |b .W44 
082 0 |a 332.4/14/0973  |2 19 
100 1 |a Weintraub, Sidney,  |d 1914-1983. 
245 1 0 |a Our stagflation malaise :  |b ending inflation and unemployment /  |c Sidney Weintraub. 
264 1 |a Westport, Conn. :  |b Quorum Books,  |c 1981. 
300 |a xv, 214 pages :  |b illustrations ;  |c 24 cm. 
336 |a text  |b txt  |2 rdacontent 
337 |a unmediated  |b n  |2 rdamedia 
338 |a volume  |b nc  |2 rdacarrier 
504 |a Includes bibliographical references and index. 
650 0 |a Inflation (Finance)  |z United States. 
650 0 |a Unemployment  |z United States  |x Effect of inflation on. 
651 0 |a United States  |x Economic policy  |y 1971-1981. 
999 |a MARS 
999 f f |s 946a3596-6905-353b-8d9f-36ac81dd8b12  |i 5cb26c34-822e-33a7-a7d4-cafba31bd6c1  |t 0 
952 f f |p ric  |a Texas A&M University  |b Rellis Campus  |c Joint Library Facility  |d Remote Storage  |t 0  |e HG540 .W44  |h Library of Congress classification  |i unmediated -- volume  |m A14806137056 
998 f f |a HG540 .W44  |t 0  |l Remote Storage